000 00455nam a2200169Ia 4500
008 230711s9999||||xx |||||||||||||| ||und||
020 _a978-1-316-61209-5
041 _aENG
082 _a541.369
_bST-T
100 _aStowe,Keith
245 3 _aAn introduction thermodynamics and statistical mechanics
250 _a2nd Ed.
260 _c2016
_aNew Delhi
_bCambridge University Press
300 _a556p.
650 _aMechanical Engineering
942 _cBK
999 _c6203
_d6203